Missing Word: British Actors and Actresses Quiz Stats

 Plays Quiz Updated Jan 13, 2017

Support Sporcle.
Go Orange.
Score 0/24 Timer 04:00
0 Plays Today
Actor/Actress Missing Word % Correct
Judi DenchLove
94%
Judi DenchRoom
91.6%
Keira KnightleyCaribbean
91.3%
Keira KnightleyBeckham
90.9%
Henry CavillCount
89.9%
Henry CavillMan
88.7%
Keira KnightleyAnna
85.6%
Daniel CraigQuantum
84%
Helen MirrenPark
77%
Ian McKellenHobbit
74.3%
Daniel CraigCowboys
72.5%
Ian McKellenFuture
71.9%
Actor/Actress Missing Word % Correct
Daniel CraigPerdition
62.3%
Daniel CraigCake
60.7%
Helen MirrenPrince
59.3%
Henry CavillLight
55.2%
Ian McKellenGods
55.2%
Henry CavillJustice
52.7%
Judi DenchNotes
50.3%
Helen MirrenHundred
44.3%
Helen MirrenCalendar
39.2%
Keira KnightleyImitation
37.1%
Ian McKellenComfort
32.8%
Judi DenchBrown
30.1%

Today's Daily Dose

Missing Word
AMC Shows

Word Ladder
Makeup

Get the Picture
Guitarists

You're not logged in!

Compare scores with friends on all Sporcle quizzes.
OR
Log In
Forgot?

From the Vault

Woody's Pull-String Quotes from Toy Story

by sproutcm

Who's the rootinest, tootinest cowboy in the wild wild west?
Remove Ads.
Support Sporcle.
Get the best of Sporcle when you Go Orange. This ad-free experience offers more features, more stats, and more fun while also helping to support Sporcle. Thank you for becoming a member.

Show Comments

Extras

Top Quizzes Today


Score Distribution

Your Account Isn't Verified!

In order to create a playlist on Sporcle, you need to verify the email address you used during registration. Go to your Sporcle Settings to finish the process.

Report this User

Report this user for behavior that violates our Community Guidelines.

Details: